000 00328nam a22001337a 4500
008 181218b xxu||||| |||| 00| 0 eng d
020 _a9780534159542
041 _aeng
080 _22nd
_a159.9
100 _a48
101 _aPSI
245 _aWomen's Lives themes and variations in gender learning
_cLott,B
942 _2udc
_cBK
999 _c53473
_d53473